Δικτύωση υπολογιστών

Αποθηκεύτηκε σε:
Λεπτομέρειες βιβλιογραφικής εγγραφής
Κύριοι συγγραφείς: Kurose, James F., Ross, Keith W., 1956- (Συγγραφέας)
Μορφή: Βιβλίο
Γλώσσα:Greek
English
Δημοσίευση: Αθήνα : Μ. Γκιούρδας, 2004.
Έκδοση:2η έκδ.
Θέματα:
Ετικέτες: Προσθήκη ετικέτας
Δεν υπάρχουν, Καταχωρήστε ετικέτα πρώτοι!

MARC

LEADER 00000cam a2200000 i 4500
001 1/29046
008 060509s2004 gr | ||| |||| ||gre||
020 |a 9605123878 
035 |l 10083804 
040 |a GR-MyUa  |b gre  |e AACR2 
041 1 |a gre  |h eng 
082 7 |a 004.678   |2 (22) 
100 1 |a Kurose, James F. 
245 1 0 |a Δικτύωση υπολογιστών /   |c James F. Kurose, Keith W. Ross ; απόδοση: Γιάννης Β. Σαμαράς ; επιστημονική επιμέλεια: Αθανάσιος Μανιτσάρης, Παναγιώτης Φουληράς.  
250 |a 2η έκδ.  
260 |a Αθήνα :   |b Μ. Γκιούρδας,   |c 2004.  
300 |a xxviii, 751 σ. :   |b εικ. ;   |c 24 εκ.  
500 |a Τίτλος πρωτοτύπου: Computer networking : a top-down approach featuring the Internet, 2nd ed. 
500 |a Το παράρτημα Σύρου έχει την επανέκδοση του 2008. 
504 |a Βιβλιογραφικές παραπομπές: σ. 703-732. Ευρετήριο. 
650 0 |a Internet. 
650 0 |a Computer networks. 
700 1 |a Ross, Keith W.,   |d 1956-  |e aut 
852 |a INST  |b LESVOS  |e 20060509  |h 004.678 KUR  |p 005100034925  |q 005100034925  |t BK  |y 0 
852 |a INST  |b LESVOS  |e 20100308  |h 004.678 KUR  |p 005100046144  |q 005100046144  |t BK  |y 0 
852 |a INST  |b SAMOS  |e 20080201  |h 004.678 KUR  |p 005300027030  |q 005300027030  |t BK  |y 0 
852 |a INST  |b SAMOS  |e 20080201  |h 004.678 KUR  |p 005300027031  |q 005300027031  |t BK  |y 0 
852 |a INST  |b SAMOS  |e 20080201  |h 004.678 KUR  |p 005300027033  |q 005300027033  |t BK  |y 0 
852 |a INST  |b SAMOS  |e 20080201  |h 004.678 KUR  |p 005300027034  |q 005300027034  |t BK  |y 0 
852 |a INST  |b SAMOS  |e 20080201  |h 004.678 KUR  |p 005300027040  |q 005300027040  |t BK  |y 0 
852 |a INST  |b SAMOS  |e 20080201  |h 004.678 KUR  |p 005300027041  |q 005300027041  |t BK  |y 0 
852 |a INST  |b SAMOS  |e 20080201  |h 004.678 KUR  |p 005300027046  |q 005300027046  |t BK  |y 0 
852 |a INST  |b SAMOS  |e 20080124  |h 004.678 KUR  |p 005300027104  |q 005300027104  |t BK  |y 0 
852 |a INST  |b SAMOS  |e 20080124  |h 004.678 KUR  |p 005300027105  |q 005300027105  |t BK  |y 23 
852 |a INST  |b SAMOS  |e 20080124  |h 004.678 KUR  |p 005300027106  |q 005300027106  |t BK  |y 0 
852 |a INST  |b SAMOS  |e 20080124  |h 004.678 KUR  |p 005300027107  |q 005300027107  |t BK  |y 0 
852 |a INST  |b SAMOS  |e 20080124  |h 004.678 KUR  |p 005300027108  |q 005300027108  |t BK  |y 0 
852 |a INST  |b SYROS  |e 20131120  |h 004.678 KUR  |p 005500011110  |q 005500011110  |t BK  |y 0 
901 |a BIBL5-2013-1 
901 |a BIBL3-2008-1 
901 |a BIBL3-2008-1 
901 |a BIBL1-2006-2 
901 |a BIBL1-2010-1 
920 |a Φοιτητική Μέριμνα  |y Σάμος  |z 2008-01 
970 |a Καρά  |b Γιασεμή  |z 09/05/2006